OPAC Home

පළමුවැනි ජාතික රාජ්‍ය සභාව පාර්ලිමේන්තුව ප්‍රකාශන මාලා 1973 මුදල් වර්ෂය සදහා විගණකාධිපති වාර්තාව ( දෙවැනි තාණ්ඩය) (Record no. 149512)

MARC details
000 -LEADER
fixed length control field 00656nam a22001457a 4500
003 - CONTROL NUMBER IDENTIFIER
control field LK-CoDNM
005 - DATE AND TIME OF LATEST TRANSACTION
control field 20240911092832.0
008 - FIXED-LENGTH DATA ELEMENTS--GENERAL INFORMATION
fixed length control field 240827b |||||||| |||| 00| 0 eng d
040 ## - CATALOGING SOURCE
Original cataloging agency LK-CoDNM
Modifying agency LK-CoDNM
Description conventions LK-CoDNM
080 ## - UNIVERSAL DECIMAL CLASSIFICATION NUMBER
Item number GP1973
942 ## - ADDED ENTRY ELEMENTS (KOHA)
Koha item type Books
245 ## - TITLE STATEMENT
Title පළමුවැනි ජාතික රාජ්‍ය සභාව පාර්ලිමේන්තුව ප්‍රකාශන මාලා 1973 මුදල් වර්ෂය සදහා විගණකාධිපති වාර්තාව ( දෙවැනි තාණ්ඩය)
Remainder of title අංක19
260 ## - PUBLICATION, DISTRIBUTION, ETC. (IMPRINT)
Place of publication, distribution, etc. Colombo
Name of publisher, distributor, etc. Government printers
Date of publication, distribution, etc. 1973
300 ## - PHYSICAL DESCRIPTION
Other physical details 280p. ; 24 cm
Holdings
Withdrawn status Lost status Damaged status Not for loan Collection code Permanent Location Current Location Shelving location Date acquired Full call number Barcode Koha item type
    Damaged   Old Books Collection Library National Museum Colombo - Sri Lanka Library National Museum Colombo - Sri Lanka Reference 2024-08-27 GP1973 GP1949 Books
Copyright © 2023 Department of National Museum, Colombo 07, Sri Lanka Funded by UNESCO IFAP UNESCO